000
00313nam a2200121Ia 4500
008
191201s2007 xx 000 0 und d
100
_a
HARRIS, Robert
245
0
_a
Imperium: A Novel of Ancient Rome
260
_a
United kingdom
_b
Coxswyman ltd
_c
2007
300
_a
452
650
_a
General Books
942
_2
ddc
_c
BK
999
_c
4381
_d
4381